000 00502nam a22002177a 4500
003 UA-OsUOA
001 6963
007 ta
008 20031118b un ||||| |||| 00| 0 ukr d
100 _aФедюк Тарас
090 _bФ32
942 _cSA
040 _aUA-OsUOA
_bukr
_cUA-OsUOA
_dUA-OsUOA
245 _a"Покотом впали друзі..."
_bПоезія
300 _aС.15-16
955 _a0
041 _aukr
044 _aUA
773 0 _w0
650 7 _aПоезія
_2UDC
999 _c293124
_d293124